Biện pháp quản lý công tác phối hợp với doanh nghiệp trong đào tạo của Trường Cao đẳng Lương thực - Thực phẩm Đà Nẵng

Cơ sở lý luận về quản lý công tác phối hợp giữa trường cao đẳng với doanh nghiệp trong đào tạo. Thực trạng quản lý công tác phối hợp với doanh nghiệp trong đào tạo của Trường Cao đẳng Lương thực - Thực phẩm Đà Nẵng. Các biện pháp quản lý công tác phối hợp với doanh nghiệp trong đào tạo của Trường Ca...

Πλήρης περιγραφή

Αποθηκεύτηκε σε:
Λεπτομέρειες βιβλιογραφικής εγγραφής
Κύριος συγγραφέας: Nguyễn Hoàng Thành Đích
Άλλοι συγγραφείς: Lê Quang Sơn PGS.TS. (Hướng dẫn)
Μορφή: Βιβλίο
Γλώσσα:Vietnamese
Έκδοση: Đà Nẵng Đại học Đà Nẵng 2016
Θέματα:
Ετικέτες: Προσθήκη ετικέτας
Δεν υπάρχουν, Καταχωρήστε ετικέτα πρώτοι!
Thư viện lưu trữ: Mạng thư viện Đại học Đà Nẵng
LEADER 02001nam a2200361 4500
001 000023865
003 20318
005 20160329160341.0
008 160318s2016 viesd
041 |a vie 
082 1 4 |a 378.37  |b NG-Đ 
100 1 |a Nguyễn Hoàng Thành Đích 
245 1 |a Biện pháp quản lý công tác phối hợp với doanh nghiệp trong đào tạo của Trường Cao đẳng Lương thực - Thực phẩm Đà Nẵng  |c Nguyễn Hoàng Thành Đích ; Lê Quang Sơn hướng dẫn.  |k Luận văn Thạc sĩ 
260 |a Đà Nẵng  |b Đại học Đà Nẵng  |c 2016 
300 |a 113 tr. ; phụ lục 22 tr.  |c 29 cm.  |e Tóm tắt 
500 |a Luận văn thạc sĩ. Chuyên ngành: Quản lý giáo dục. Mã số: 60.14.01.14 
520 3 |a Cơ sở lý luận về quản lý công tác phối hợp giữa trường cao đẳng với doanh nghiệp trong đào tạo. Thực trạng quản lý công tác phối hợp với doanh nghiệp trong đào tạo của Trường Cao đẳng Lương thực - Thực phẩm Đà Nẵng. Các biện pháp quản lý công tác phối hợp với doanh nghiệp trong đào tạo của Trường Cao đẳng Lương thực - Thực phẩm Đà Nẵng. 
650 0 4 |a Giáo dục đại học  |v Luận văn tốt nghiệp  |x Đào tạo  |z Đà Nẵng 
653 |a Đào tạo 
653 |a Giáo dục đại học 
653 |a Quản lý giáo dục 
653 |a Giáo dục hợp tác 
700 1 |a Lê Quang Sơn  |c PGS.TS.  |e Hướng dẫn 
OWN |a LSP 
AVA |a UDN50  |b LSP  |d 378.37 NG-Đ  |e available  |t Error 5001 Not defined in file expand_doc_bib_avail.  |f 1  |g 0  |h N  |i 0  |k 1 
999 |a From the UDN01 
AVA |a UDN50  |b LSP  |d 378.37 NG-Đ  |e available  |t Error 5001 Not defined in file expand_doc_bib_avail.  |f 1  |g 0  |h N  |i 0  |k 1 
TYP |a Monograph 
TYP |a Printed language 
980 |a Mạng thư viện Đại học Đà Nẵng